| 000 | 01047nas a2200277 4500 | ||
|---|---|---|---|
| 001 | BR8600480 | ||
| 003 | BR-BrBNA | ||
| 005 | 20231205090325.0 | ||
| 007 | ta | ||
| 008 | 230509b bl.|||p| |||| 00| 00por d | ||
| 040 |
_aBR-BrBNA _bpor _cBiblioteca Nacional de Agricultura |
||
| 041 | _a(Pt) | ||
| 072 | _aJ11 | ||
| 100 | 1 | _aCastro, J.V. de | |
| 111 | 1 |
_a7. Congresso Brasileiro de Fruticultura _cFlorianopolis, SC (Brazil) _d25-29 Jul 1983 |
|
| 245 | 1 | _aEfeito do permanganato de potassio, do oxido de calcio e do envoltorio de polietileno na conservacao de abacate | |
| 246 | 1 | _aThe effects of potassium permangamate, calcium oxide and polyethylene bags on the storage of avocados | |
| 650 | _aABACATE | ||
| 650 | _aARMAZENAMENTO | ||
| 650 | _aPERMANGANATO DE POTASSIO | ||
| 650 | _aOXIDO DE CALCIO | ||
| 650 | _aPOLIETILENO | ||
| 773 | 0 |
_tBoletim do Instituto de Tecnologia de Alimentos (Brazil) _xISSN 0366-0281 _g(Oct-Dec 1984), v. 21(4) p. 511-526 _wBR8600480 |
|
| 909 |
_a202311 _bLúcia _c55 _dLúcia Elande |
||
| 942 |
_2AGRIS _n0 _cANA |
||
| 999 |
_c117617 _d117617 |
||